| 000 | 00496nam a2200181Ia 4500 | ||
|---|---|---|---|
| 003 | IIN | ||
| 005 | 20240208123611.0 | ||
| 008 | 231217s9999 xx 000 0 und d | ||
| 020 |
_cRs.425.00 _a9789393885180 |
||
| 040 |
_aIIN _bEnglish |
||
| 082 |
_a572.3 _bVAR |
||
| 100 | 1 | _aVarghese, Sherin | |
| 245 | 1 |
_aTextbook of Applied Biochemistry : _bfor B.Sc Nursing / _cSherin Varghese |
|
| 260 |
_aBangaluru : _bEMMESS, _c2022 |
||
| 300 | _aiv, 157p. | ||
| 650 | 1 | _aBiochemistry | |
| 942 | _cBOOK | ||
| 999 |
_c1508 _d1508 |
||